000 00340nam a22001337a 4500
008 220209b ||||| |||| 00| 0 eng d
020 _a8173623880
050 _a230
_b1
100 _aAnkerberg John ..,etal
_97539
245 _aDarwin's Leap Of Faith
260 _aIndia
_bOM-Authentic Headlines
_c2002
300 _a391.P
942 _2ddc
_cBK
999 _c11976
_d11976